| 000 | 00475nam a2200157Ia 4500 | ||
|---|---|---|---|
| 008 | 210716s2013 xx 000 0 und d | ||
| 020 | _a9788126542543 | ||
| 041 | _aeng | ||
| 082 | _a658.56 MERJ | ||
| 100 | _aMeredith, Jack R; Shafer, Scott M. | ||
| 245 |
_aOperations management: international student version. _bInternational student version. |
||
| 250 | _a5 | ||
| 260 |
_aNew Delhi _bWiley India Pvt Ltd _c2013 |
||
| 300 | _axiii,439 | ||
| 650 | _aOperations Management | ||
| 999 |
_c209542 _d209542 |
||